| 000 -LEADER |
| fixed length control field |
00606cam a22002291 4500 |
| 001 - CONTROL NUMBER |
| control field |
8880291 |
| 005 - DATE AND TIME OF LATEST TRANSACTION |
| control field |
20180207033436.0 |
| 008 - FIXED-LENGTH DATA ELEMENTS--GENERAL INFORMATION |
| fixed length control field |
740705s1958 pau 000 0 eng |
| 010 ## - LIBRARY OF CONGRESS CONTROL NUMBER |
| LC control number |
58007956 |
| 015 ## - NATIONAL BIBLIOGRAPHY NUMBER |
| National bibliography number |
GB58-9850 |
| 035 ## - SYSTEM CONTROL NUMBER |
| System control number |
(OCoLC)936493 |
| 040 ## - CATALOGING SOURCE |
| Original cataloging agency |
DLC |
| Transcribing agency |
OClW-H |
| Modifying agency |
OkU-M |
| -- |
OCoLC |
| -- |
Uk |
| -- |
DLC |
| 041 ## - LANGUAGE CODE |
| Language code of text/sound track or separate title |
eng |
| 060 ## - NATIONAL LIBRARY OF MEDICINE CALL NUMBER |
| Classification number |
WM 100 N952m 1958 |
| 080 ## - UNIVERSAL DECIMAL CLASSIFICATION NUMBER |
| Universal Decimal Classification number |
616.89 |
| 082 ## - DEWEY DECIMAL CLASSIFICATION NUMBER |
| Classification number |
616.89 NOY |
| 100 1# - Rafti |
| Rafti |
48 |
| 101 ## - Shkurtesa |
| Shkurtesa |
PSI |
| 245 00 - TITLE STATEMENT |
| Title |
Modern clinical psychiatry |
| Statement of responsibility, etc |
[by] Arthur P. Noyes [and] Lawrence C. Kolb. |
| 906 ## - LOCAL DATA ELEMENT F, LDF (RLIN) |
| a |
7 |
| b |
cbc |
| c |
oclcrpl |
| d |
u |
| e |
ncip |
| f |
19 |
| g |
y-gencatlg |
| 942 ## - ADDED ENTRY ELEMENTS (KOHA) |
| Source of classification or shelving scheme |
|
| Item type |
Books |